| 000 | 00578 a2200193 4500 | ||
|---|---|---|---|
| 260 | _bMinistère de la Coopération. | ||
| 245 | _aIrrigation gravitaire par canaux:conception du périmètre, étude des canaux et leurs revêtements. | ||
| 300 | _a296p. | ||
| 260 | _aParis. | ||
| 260 | _c1976 | ||
| 300 | _bIll. | ||
| 130 | _lFr. | ||
| 710 | _aMinistère de la Coopération. | ||
| 710 | _aSociété Grenobloise d'Etudes et d'Applications Hydrauliques:(SOGREAH). | ||
| 440 | _aTechniques rurales en Afrique. | ||
| 690 | _airrigation. | ||
| 999 |
_c26314 _d26314 |
||